MARC

LEADER 00000nam0a2200000 4500
001 328199
005 20231102004033.0
035 |a (RuTPU)RU\TPU\book\353899 
090 |a 328199 
100 |a 20170214d1980 km y0rusy50 ca 
101 0 |a rus 
102 |a RU 
105 |a a z 001zb 
200 1 |a Майя Плисецкая  |e фотоальбом  |f Л. Жданов, В. Комиссаржевский 
210 |a Москва  |c Планета  |d 1980 
215 |a 214 с.  |c ил. 
316 |5 63413507: КР-2222  |a На суперобложке дарственная надпись: "Уважаемый Иван Петрович! Поздравляем Вас с Днем Советской Армии. С уважением женщины парткома. 23.02.84 г." 
317 |5 63413507: КР-2222  |a Поступил в НТБ в 2017 г. в составе книжного собрания ректора ТПИ И. П. Чучалина 
600 1 |a Плисецкая  |g Майя Михайловна  |b М. М.  |c российская балерина  |c народная артистка СССР  |f 1925-2015  |2 stltpush  |3 (RuTPU)RU\TPU\pers\558 
606 1 |a Спектакли балетные  |2 stltpush  |3 (RuTPU)RU\TPU\subj\55751  |9 73726 
610 1 |a балетные спектакли 
610 1 |a русский балет 
610 1 |a биографии 
610 1 |a Большой театр 
610 1 |a фотоальбомы 
610 1 |a коллекция И. П. Чучалина 
610 1 |a дарственная надпись 
610 1 |a дары 
675 |a 792.8(092)  |v 4 
700 1 |a Жданов  |b Л.  |g Леонид 
701 1 |a Комиссаржевский  |b В.  |g Виктор 
801 1 |a RU  |b 63413507  |c 20170214 
801 2 |a RU  |b 63413507  |c 20190128  |g RCR 
942 |c BK